MARC details
| 000 -CABECERA |
| campo de control de longitud fija |
01132cam a2200265 a 4500 |
| 001 - NÚMERO DE CONTROL |
| campo de control |
000005645 |
| 005 - FECHA Y HORA DE LA ÚLTIMA TRANSACCIÓN |
| campo de control |
20200929151730.0 |
| 008 - DATOS DE LONGITUD FIJA--INFORMACIÓN GENERAL |
| campo de control de longitud fija |
010506s2001 ve b f000 0 spa |
| 020 ## - NÚMERO INTERNACIONAL ESTÁNDAR DEL LIBRO |
| Número Internacional Estándar del Libro |
9800111247 |
| 040 ## - FUENTE DE LA CATALOGACIÓN |
| Centro catalogador/agencia de origen |
DO-SdBNP |
| Centro/agencia transcriptor |
DLC |
| Centro/agencia modificador |
DLC |
| 082 ## - NÚMERO DE LA CLASIFICACIÓN DECIMAL DEWEY |
| Número de clasificación |
987.0632 |
| Número de documento/Ítem |
V165d |
| 100 1# - ENTRADA PRINCIPAL--NOMBRE DE PERSONA |
| Nombre de persona |
Valero, Jorge. |
| Fechas asociadas al nombre |
1946 - |
| 9 (RLIN) |
15965 |
| 245 13 - MENCIÓN DE TÍTULO |
| Título |
La diplomacia internacional y el Golpe de 1945 / |
| Mención de responsabilidad, etc. |
Jorge Valero; prólogo, Fermín Toro Jiménez. |
| 260 ## - PUBLICACIÓN, DISTRIBUCIÓN, ETC. |
| Lugar de publicación, distribución, etc. |
Caracas : |
| Nombre del editor, distribuidor, etc. |
Monte Ávila Editores Latinoamericana : |
| -- |
Ministerio de Relaciones Exteriores de la República Bolivariana de Venezuela, |
| Fecha de publicación, distribución, etc. |
2001. |
| 300 ## - DESCRIPCIÓN FÍSICA |
| Extensión |
xii, 215 p. ; |
| Dimensiones |
19 cm. |
| 490 1# - MENCIÓN DE SERIE |
| Mención de serie |
Estudios ; |
| -- |
Serie Historia. |
| 504 ## - NOTA DE BIBLIOGRAFÍA, ETC. |
| Nota de bibliografía, etc. |
Incluye referencias bibliográficas. |
| 651 #4 - PUNTO DE ACCESO ADICIONAL DE MATERIA--NOMBRE GEOGRÁFICO |
| Nombre geográfico |
Venezuela |
| Subdivisión general |
Política Y Gobierno |
| Subdivisión cronológica |
1935-1958. |
| 9 (RLIN) |
3993 |
| 651 #4 - PUNTO DE ACCESO ADICIONAL DE MATERIA--NOMBRE GEOGRÁFICO |
| Nombre geográfico |
Venezuela |
| Subdivisión general |
Historia |
| Subdivisión cronológica |
REVOLUCIÓN, 1945. |
| 9 (RLIN) |
15951 |
| 651 #4 - PUNTO DE ACCESO ADICIONAL DE MATERIA--NOMBRE GEOGRÁFICO |
| Nombre geográfico |
Venezuela |
| Subdivisión general |
Relaciones Exteriores |
| Subdivisión cronológica |
1935-1958. |
| 9 (RLIN) |
15966 |
| 650 #4 - PUNTO DE ACCESO ADICIONAL DE MATERIA--TÉRMINO DE MATERIA |
| Término de materia o nombre geográfico como elemento de entrada |
Industria del petróleo y comercio |
| Subdivisión geográfica |
Venezuela |
| Subdivisión general |
Actividad política |
| 9 (RLIN) |
15967 |
| 700 1# - PUNTO DE ACCESO ADICIONAL--NOMBRE DE PERSONA |
| Nombre de persona |
Toro Jiménez, Fermín |
| Término indicativo de función/relación |
prol. |
| 9 (RLIN) |
15968 |
| 830 #4 - PUNTO DE ACCESO ADICIONAL DE SERIE-TÍTULO UNIFORME |
| Título uniforme |
Estudios |
| Nombre de parte o sección de la obra |
Serie Historia |
| 9 (RLIN) |
15969 |
| 910 ## - DATOS DE OPCIÓN DEL USUARIO (OCLC) |
| Datos de opción del usuario |
Catalogación por copia / LC |